[Event "DVM U20 2021"]
[Site "Kiel GER"]
[Date "2022.07.24"]
[Round "3"]
[White "Dornieden, Jonas"]
[Black "Holinka, Henning"]
[Result "0-1"]
[Termination "normal"]
[Board "3.3"]
[WhiteElo "2044"]
[BlackElo "2251"]
[WhiteClock "00:00:37"]
[BlackClock "00:03:10"]
[WhiteTeam "SK Lehrte von 1919 e. V."]
[BlackTeam "Hamburger SK von 1830 eV"]
[PlyCount "125"]
[WhiteFideId "1336460"]
[BlackFideId "12967084"]
[EventCountry "GER"]
[EventRounds "7"]
[EventType "team-swiss"]
[EventDate "2022.07.22"]

1. e4 {[%clk 01:30:57]} {[%emt 00:00:02]} c5 {[%clk 01:30:55]} {[%emt
00:00:06]} 2. c3 {[%clk 01:31:14]} {[%emt 00:00:13]} Nf6 {[%clk 01:31:17]}
{[%emt 00:00:08]} 3. e5 {[%clk 01:31:37]} {[%emt 00:00:07]} Nd5 {[%clk
01:31:42]} {[%emt 00:00:04]} 4. Bc4 {[%clk 01:32:01]} {[%emt 00:00:07]} Nb6
{[%clk 01:31:40]} {[%emt 00:00:32]} 5. Bb3 {[%clk 01:32:24]} {[%emt 00:00:07]}
d6 {[%clk 01:29:45]} {[%emt 00:02:24]} 6. exd6 {[%clk 01:32:25]} {[%emt
00:00:29]} Qxd6 {[%clk 01:29:11]} {[%emt 00:01:05]} 7. Na3 {[%clk 01:32:15]}
{[%emt 00:00:39]} a6 {[%clk 01:28:09]} {[%emt 00:01:33]} 8. Ne2 {[%clk
01:30:54]} {[%emt 00:01:51]} Nc6 {[%clk 01:27:20]} {[%emt 00:01:18]} 9. O-O
{[%clk 01:27:55]} {[%emt 00:03:29]} Bg4 {[%clk 01:24:50]} {[%emt 00:03:00]} 10.
Qe1 {[%clk 01:19:12]} {[%emt 00:09:13]} Bf5 {[%clk 01:21:32]} {[%emt 00:03:49]}
11. d4 {[%clk 01:09:03]} {[%emt 00:10:38]} cxd4 {[%clk 01:18:14]} {[%emt
00:03:48]} 12. Bf4 {[%clk 00:58:08]} {[%emt 00:11:25]} Qd7 {[%clk 01:17:14]}
{[%emt 00:01:30]} 13. cxd4 {[%clk 00:58:04]} {[%emt 00:00:34]} e6 {[%clk
01:17:09]} {[%emt 00:00:35]} 14. Nc2 {[%clk 00:49:52]} {[%emt 00:08:43]} Be7
{[%clk 01:13:42]} {[%emt 00:03:56]} 15. Rd1 {[%clk 00:47:10]} {[%emt 00:03:12]}
O-O {[%clk 01:09:31]} {[%emt 00:04:41]} 16. Ne3 {[%clk 00:43:04]} {[%emt
00:04:37]} Bb4 {[%clk 01:05:32]} {[%emt 00:04:29]} 17. Nc3 {[%clk 00:42:50]}
{[%emt 00:00:44]} Na5 {[%clk 01:04:25]} {[%emt 00:01:37]} 18. Nxf5 {[%clk
00:37:08]} {[%emt 00:06:12]} exf5 {[%clk 01:04:38]} {[%emt 00:00:16]} 19. Qe5
{[%clk 00:32:27]} {[%emt 00:05:11]} Nbc4 {[%clk 00:43:45]} {[%emt 00:21:23]}
20. Bxc4 {[%clk 00:30:04]} {[%emt 00:02:53]} Nxc4 {[%clk 00:36:00]} {[%emt
00:08:16]} 21. Qd5 {[%clk 00:29:47]} {[%emt 00:00:47]} Qc6 {[%clk 00:33:49]}
{[%emt 00:02:41]} 22. Qxc6 {[%clk 00:25:16]} {[%emt 00:05:00]} bxc6 {[%clk
00:31:22]} {[%emt 00:02:58]} 23. Na4 {[%clk 00:24:01]} {[%emt 00:01:45]} Rad8
{[%clk 00:25:11]} {[%emt 00:06:41]} 24. b3 {[%clk 00:19:52]} {[%emt 00:04:39]}
Na3 {[%clk 00:25:10]} {[%emt 00:00:30]} 25. Rd3 {[%clk 00:15:58]} {[%emt
00:04:24]} Rfe8 {[%clk 00:24:11]} {[%emt 00:01:30]} 26. Rfd1 {[%clk 00:14:43]}
{[%emt 00:01:45]} Re4 {[%clk 00:23:56]} {[%emt 00:00:45]} 27. g3 {[%clk
00:11:43]} {[%emt 00:03:29]} Nc2 {[%clk 00:15:22]} {[%emt 00:09:04]} 28. Be3
{[%clk 00:08:51]} {[%emt 00:03:22]} Ne1 {[%clk 00:14:15]} {[%emt 00:01:37]} 29.
Rxe1 {[%clk 00:07:38]} {[%emt 00:01:43]} Bxe1 {[%clk 00:14:39]} {[%emt
00:00:06]} 30. Nc5 {[%clk 00:08:00]} {[%emt 00:00:08]} Re7 {[%clk 00:14:28]}
{[%emt 00:00:42]} 31. Kf1 {[%clk 00:07:19]} {[%emt 00:01:10]} Ba5 {[%clk
00:11:28]} {[%emt 00:03:30]} 32. Nxa6 {[%clk 00:07:26]} {[%emt 00:00:24]} Bb6
{[%clk 00:09:40]} {[%emt 00:02:18]} 33. Nb4 {[%clk 00:04:40]} {[%emt 00:03:15]}
Rc7 {[%clk 00:08:52]} {[%emt 00:01:18]} 34. Rc3 {[%clk 00:00:56]} {[%emt
00:04:15]} Bxd4 {[%clk 00:05:51]} {[%emt 00:03:31]} 35. Rxc6 {[%clk 00:00:51]}
{[%emt 00:00:34]} Rb7 {[%clk 00:05:15]} {[%emt 00:01:06]} 36. Bxd4 {[%clk
00:00:57]} {[%emt 00:00:25]} Rxb4 {[%clk 00:05:38]} {[%emt 00:00:07]} 37. Bc5
{[%clk 00:00:42]} {[%emt 00:00:45]} Rbb8 {[%clk 00:05:10]} {[%emt 00:00:58]}
38. Ra6 {[%clk 00:00:37]} {[%emt 00:00:35]} Rdc8 {[%clk 00:02:53]} {[%emt
00:02:47]} 39. Be3 {[%clk 00:00:34]} {[%emt 00:00:33]} Ra8 {[%clk 00:02:47]}
{[%emt 00:00:36]} 40. Rxa8 {[%clk 00:00:42]} {[%emt 00:00:21]} Rxa8 {[%clk
00:03:16]} {[%emt 00:00:02]} 41. a4 {[%clk 00:29:43]} {[%emt 00:01:29]} Rb8
{[%clk 00:31:49]} {[%emt 00:01:57]} 42. a5 {[%clk 00:28:29]} {[%emt 00:01:44]}
Rxb3 {[%clk 00:32:04]} {[%emt 00:00:14]} 43. a6 {[%clk 00:28:48]} {[%emt
00:00:12]} Ra3 {[%clk 00:31:25]} {[%emt 00:01:09]} 44. a7 {[%clk 00:29:10]}
{[%emt 00:00:08]} Ra2 {[%clk 00:31:31]} {[%emt 00:00:23]} 45. Kg2 {[%clk
00:18:34]} {[%emt 00:11:06]} f6 {[%clk 00:30:41]} {[%emt 00:01:20]} 46. Kf3
{[%clk 00:18:13]} {[%emt 00:00:51]} Kf7 {[%clk 00:30:24]} {[%emt 00:00:47]} 47.
Bb6 {[%clk 00:17:03]} {[%emt 00:01:40]} Ke6 {[%clk 00:29:36]} {[%emt 00:01:18]}
48. Ke3 {[%clk 00:14:31]} {[%emt 00:03:02]} Kd5 {[%clk 00:28:46]} {[%emt
00:01:20]} 49. Kf4 {[%clk 00:14:07]} {[%emt 00:00:53]} Ke6 {[%clk 00:28:14]}
{[%emt 00:01:03]} 50. Ke3 {[%clk 00:14:01]} {[%emt 00:00:36]} Kd5 {[%clk
00:26:14]} {[%emt 00:02:30]} 51. Kf4 {[%clk 00:13:39]} {[%emt 00:00:52]} g6
{[%clk 00:26:09]} {[%emt 00:00:35]} 52. Kf3 {[%clk 00:07:56]} {[%emt 00:06:13]}
g5 {[%clk 00:24:35]} {[%emt 00:02:03]} 53. h3 {[%clk 00:05:17]} {[%emt
00:03:10]} h5 {[%clk 00:23:47]} {[%emt 00:01:19]} 54. h4 {[%clk 00:01:45]}
{[%emt 00:04:02]} Ra3+ {[%clk 00:23:22]} {[%emt 00:00:55]} 55. Kg2 {[%clk
00:01:25]} {[%emt 00:00:50]} Ke4 {[%clk 00:19:28]} {[%emt 00:04:23]} 56. Bc5
{[%clk 00:00:51]} {[%emt 00:01:05]} Ra2 {[%clk 00:19:05]} {[%emt 00:00:53]} 57.
hxg5 {[%clk 00:00:54]} {[%emt 00:00:26]} fxg5 {[%clk 00:19:12]} {[%emt
00:00:23]} 58. Bb6 {[%clk 00:01:12]} {[%emt 00:00:13]} g4 {[%clk 00:15:06]}
{[%emt 00:04:36]} 59. Bc5 {[%clk 00:00:55]} {[%emt 00:00:47]} f4 {[%clk
00:10:26]} {[%emt 00:05:09]} 60. gxf4 {[%clk 00:01:17]} {[%emt 00:00:08]} h4
{[%clk 00:09:45]} {[%emt 00:01:11]} 61. Be3 {[%clk 00:00:34]} {[%emt 00:01:12]}
h3+ {[%clk 00:03:56]} {[%emt 00:06:20]} 62. Kg3 {[%clk 00:00:44]} {[%emt
00:00:20]} Ra3 {[%clk 00:03:10]} {[%emt 00:01:17]} 63. Kh2 {[%clk 00:00:37]}
{[%emt 00:00:35]} *

[Event "DVM U20 2021"]
[Site "Kiel GER"]
[Date "2022.07.24"]
[Round "3"]
[White "Kotyk, Michael"]
[Black "Reimer, Philip"]
[Result "1-0"]
[Termination "normal"]
[Board "3.4"]
[WhiteElo "2112"]
[BlackElo "2001"]
[WhiteClock "00:30:09"]
[BlackClock "00:27:34"]
[WhiteTeam "Hamburger SK von 1830 eV"]
[BlackTeam "SK Lehrte von 1919 e. V."]
[PlyCount "83"]
[WhiteFideId "16214501"]
[BlackFideId "16235860"]
[EventCountry "GER"]
[EventRounds "7"]
[EventType "team-swiss"]
[EventDate "2022.07.22"]

1. d4 {[%clk 01:30:59]} {[%emt 00:11:12]} Nf6 {[%clk 01:30:44]} {[%emt
00:00:18]} 2. c4 {[%clk 01:31:19]} {[%emt 00:00:09]} e6 {[%clk 01:31:09]}
{[%emt 00:00:05]} 3. Nc3 {[%clk 01:31:43]} {[%emt 00:00:05]} Bb4 {[%clk
01:31:36]} {[%emt 00:00:04]} 4. e3 {[%clk 01:32:03]} {[%emt 00:00:10]} O-O
{[%clk 01:31:55]} {[%emt 00:00:11]} 5. Bd2 {[%clk 01:32:28]} {[%emt 00:00:05]}
b6 {[%clk 01:32:15]} {[%emt 00:00:09]} 6. Nf3 {[%clk 01:32:43]} {[%emt
00:00:16]} Bb7 {[%clk 01:32:38]} {[%emt 00:00:06]} 7. Bd3 {[%clk 01:32:52]}
{[%emt 00:00:21]} d6 {[%clk 01:33:02]} {[%emt 00:00:07]} 8. O-O {[%clk
01:20:01]} {[%emt 00:13:21]} Nbd7 {[%clk 01:33:21]} {[%emt 00:00:11]} 9. Rc1
{[%clk 01:11:59]} {[%emt 00:08:32]} Kh8 {[%clk 01:18:52]} {[%emt 00:14:59]} 10.
a3 {[%clk 01:02:06]} {[%emt 00:10:22]} Bxc3 {[%clk 01:19:11]} {[%emt 00:00:11]}
11. Bxc3 {[%clk 01:02:34]} {[%emt 00:00:03]} Ne4 {[%clk 01:19:33]} {[%emt
00:00:08]} 12. Be1 {[%clk 01:02:32]} {[%emt 00:00:32]} f5 {[%clk 01:19:57]}
{[%emt 00:00:06]} 13. Nd2 {[%clk 00:57:52]} {[%emt 00:05:10]} Qg5 {[%clk
01:16:23]} {[%emt 00:04:03]} 14. f4 {[%clk 00:57:41]} {[%emt 00:00:42]} Qg6
{[%clk 01:16:44]} {[%emt 00:00:08]} 15. Nxe4 {[%clk 00:57:45]} {[%emt
00:00:28]} Bxe4 {[%clk 01:17:06]} {[%emt 00:00:07]} 16. Bxe4 {[%clk 00:56:45]}
{[%emt 00:01:30]} fxe4 {[%clk 01:17:29]} {[%emt 00:00:07]} 17. Qa4 {[%clk
00:51:52]} {[%emt 00:05:23]} Nf6 {[%clk 01:04:58]} {[%emt 00:13:00]} 18. Qc6
{[%clk 00:51:42]} {[%emt 00:00:40]} Ng4 {[%clk 00:44:22]} {[%emt 00:21:07]} 19.
Bd2 {[%clk 00:46:09]} {[%emt 00:06:03]} Rac8 {[%clk 00:42:33]} {[%emt
00:02:18]} 20. b4 {[%clk 00:41:39]} {[%emt 00:04:58]} Qf5 {[%clk 00:24:12]}
{[%emt 00:18:53]} 21. b5 {[%clk 00:29:31]} {[%emt 00:12:38]} Rf7 {[%clk
00:12:18]} {[%emt 00:12:24]} 22. h3 {[%clk 00:17:46]} {[%emt 00:12:16]} Nh6
{[%clk 00:10:29]} {[%emt 00:02:19]} 23. c5 {[%clk 00:08:05]} {[%emt 00:10:11]}
dxc5 {[%clk 00:09:50]} {[%emt 00:01:09]} 24. dxc5 {[%clk 00:08:20]} {[%emt
00:00:15]} Rd8 {[%clk 00:08:15]} {[%emt 00:02:05]} 25. Bc3 {[%clk 00:08:44]}
{[%emt 00:00:06]} Rfd7 {[%clk 00:07:28]} {[%emt 00:01:16]} 26. Be5 {[%clk
00:08:04]} {[%emt 00:01:10]} Qg6 {[%clk 00:07:06]} {[%emt 00:00:53]} 27. Rf2
{[%clk 00:06:19]} {[%emt 00:02:15]} Rd1+ {[%clk 00:03:31]} {[%emt 00:04:03]}
28. Rxd1 {[%clk 00:06:06]} {[%emt 00:00:45]} Rxd1+ {[%clk 00:04:00]} {[%emt
00:00:01]} 29. Kh2 {[%clk 00:05:01]} {[%emt 00:01:35]} Rd8 {[%clk 00:01:51]}
{[%emt 00:02:38]} 30. Qxc7 {[%clk 00:04:47]} {[%emt 00:00:44]} Rg8 {[%clk
00:01:49]} {[%emt 00:00:32]} 31. cxb6 {[%clk 00:03:13]} {[%emt 00:02:04]} axb6
{[%clk 00:02:13]} {[%emt 00:00:07]} 32. g4 {[%clk 00:02:39]} {[%emt 00:01:04]}
Nxg4+ {[%clk 00:02:05]} {[%emt 00:00:38]} 33. hxg4 {[%clk 00:03:07]} {[%emt
00:00:01]} Qxg4 {[%clk 00:02:24]} {[%emt 00:00:11]} 34. Qe7 {[%clk 00:02:40]}
{[%emt 00:00:56]} Qh5+ {[%clk 00:02:25]} {[%emt 00:00:30]} 35. Kg3 {[%clk
00:02:39]} {[%emt 00:00:31]} Qh1 {[%clk 00:02:41]} {[%emt 00:00:15]} 36. Qh4
{[%clk 00:01:50]} {[%emt 00:01:18]} Qg1+ {[%clk 00:03:04]} {[%emt 00:00:08]}
37. Rg2 {[%clk 00:02:11]} {[%emt 00:00:09]} Qe1+ {[%clk 00:02:35]} {[%emt
00:00:59]} 38. Kg4 {[%clk 00:02:34]} {[%emt 00:00:06]} Qxe3 {[%clk 00:02:46]}
{[%emt 00:00:20]} 39. Kg5 {[%clk 00:02:37]} {[%emt 00:00:25]} Rf8 {[%clk
00:01:31]} {[%emt 00:01:46]} 40. Qg3 {[%clk 00:01:05]} {[%emt 00:02:02]} Qc1
{[%clk 00:00:32]} {[%emt 00:01:29]} 41. Kh4 {[%clk 00:29:52]} {[%emt 00:01:43]}
Qh1+ {[%clk 00:27:34]} {[%emt 00:03:29]} 42. Rh2 {[%clk 00:30:09]} {[%emt
00:00:12]} 1-0

[Event "DVM U20 2021"]
[Site "Kiel GER"]
[Date "2022.07.24"]
[Round "3"]
[White "Weigand, Anton"]
[Black "Meyling, Lennart"]
[Result "0-1"]
[Termination "normal"]
[Board "3.5"]
[WhiteElo "1919"]
[BlackElo "2097"]
[WhiteClock "00:27:58"]
[BlackClock "00:53:03"]
[WhiteTeam "SK Lehrte von 1919 e. V."]
[BlackTeam "Hamburger SK von 1830 eV"]
[PlyCount "88"]
[WhiteFideId "16221915"]
[BlackFideId "12947130"]
[EventCountry "GER"]
[EventRounds "7"]
[EventType "team-swiss"]
[EventDate "2022.07.22"]

1. e4 {[%clk 01:30:56]} {[%emt 00:00:03]} c5 {[%clk 01:30:53]} {[%emt
00:00:09]} 2. c3 {[%clk 01:31:18]} {[%emt 00:00:07]} Nf6 {[%clk 01:31:16]}
{[%emt 00:00:07]} 3. e5 {[%clk 01:31:42]} {[%emt 00:00:06]} Nd5 {[%clk
01:31:42]} {[%emt 00:00:04]} 4. Nf3 {[%clk 01:32:02]} {[%emt 00:00:10]} d6
{[%clk 01:32:04]} {[%emt 00:00:09]} 5. Bc4 {[%clk 01:32:13]} {[%emt 00:00:18]}
Nb6 {[%clk 01:31:56]} {[%emt 00:00:39]} 6. e6 {[%clk 01:32:30]} {[%emt
00:00:13]} fxe6 {[%clk 01:30:47]} {[%emt 00:01:38]} 7. Bb3 {[%clk 01:30:04]}
{[%emt 00:02:55]} e5 {[%clk 01:21:04]} {[%emt 00:10:14]} 8. Ng5 {[%clk
01:14:46]} {[%emt 00:15:48]} e6 {[%clk 01:21:11]} {[%emt 00:00:24]} 9. Nxe6
{[%clk 01:06:03]} {[%emt 00:09:13]} Bxe6 {[%clk 01:21:29]} {[%emt 00:00:12]}
10. Bxe6 {[%clk 01:06:25]} {[%emt 00:00:07]} Qf6 {[%clk 01:20:18]} {[%emt
00:01:40]} 11. Bh3 {[%clk 00:59:10]} {[%emt 00:07:45]} Be7 {[%clk 01:19:32]}
{[%emt 00:01:18]} 12. O-O {[%clk 00:58:05]} {[%emt 00:01:34]} h5 {[%clk
01:16:36]} {[%emt 00:03:26]} 13. Na3 {[%clk 00:41:57]} {[%emt 00:16:38]} g5
{[%clk 01:15:11]} {[%emt 00:01:55]} 14. g3 {[%clk 00:42:10]} {[%emt 00:00:17]}
Nc6 {[%clk 01:08:23]} {[%emt 00:07:19]} 15. Nb5 {[%clk 00:35:50]} {[%emt
00:06:49]} Kd8 {[%clk 01:07:38]} {[%emt 00:01:15]} 16. d4 {[%clk 00:35:12]}
{[%emt 00:01:08]} cxd4 {[%clk 00:58:51]} {[%emt 00:09:17]} 17. cxd4 {[%clk
00:35:22]} {[%emt 00:00:20]} exd4 {[%clk 00:58:08]} {[%emt 00:01:13]} 18. Re1
{[%clk 00:28:43]} {[%emt 00:07:09]} g4 {[%clk 00:54:57]} {[%emt 00:03:42]} 19.
Bg2 {[%clk 00:29:08]} {[%emt 00:00:04]} d5 {[%clk 00:55:13]} {[%emt 00:00:14]}
20. Bf4 {[%clk 00:27:39]} {[%emt 00:01:57]} Rc8 {[%clk 00:53:15]} {[%emt
00:02:31]} 21. Qb3 {[%clk 00:23:36]} {[%emt 00:04:33]} Rf8 {[%clk 00:49:38]}
{[%emt 00:04:07]} 22. a4 {[%clk 00:18:57]} {[%emt 00:05:08]} a6 {[%clk
00:46:47]} {[%emt 00:03:22]} 23. a5 {[%clk 00:16:17]} {[%emt 00:03:09]} Nc4
{[%clk 00:46:39]} {[%emt 00:00:39]} 24. Na3 {[%clk 00:13:18]} {[%emt 00:03:28]}
N6xa5 {[%clk 00:46:04]} {[%emt 00:01:05]} 25. Qa4 {[%clk 00:11:57]} {[%emt
00:01:51]} b5 {[%clk 00:46:10]} {[%emt 00:00:25]} 26. Nxb5 {[%clk 00:12:08]}
{[%emt 00:00:19]} axb5 {[%clk 00:46:32]} {[%emt 00:00:08]} 27. Qxb5 {[%clk
00:12:32]} {[%emt 00:00:05]} Qc6 {[%clk 00:46:21]} {[%emt 00:00:41]} 28. Rxa5
{[%clk 00:10:40]} {[%emt 00:02:22]} Qc5 {[%clk 00:31:46]} {[%emt 00:15:06]} 29.
Qxc5 {[%clk 00:08:51]} {[%emt 00:02:19]} Bxc5 {[%clk 00:32:12]} {[%emt
00:00:04]} 30. Rb5 {[%clk 00:08:40]} {[%emt 00:00:38]} Rf5 {[%clk 00:28:25]}
{[%emt 00:04:20]} 31. b3 {[%clk 00:06:04]} {[%emt 00:03:05]} Nb2 {[%clk
00:27:56]} {[%emt 00:01:01]} 32. Bf1 {[%clk 00:03:42]} {[%emt 00:02:52]} d3
{[%clk 00:27:57]} {[%emt 00:00:29]} 33. Rc1 {[%clk 00:01:22]} {[%emt 00:02:50]}
Rxf4 {[%clk 00:25:52]} {[%emt 00:02:35]} 34. Rbxc5 {[%clk 00:00:54]} {[%emt
00:00:57]} Rxc5 {[%clk 00:26:14]} {[%emt 00:00:08]} 35. Rxc5 {[%clk 00:01:20]}
{[%emt 00:00:05]} Rd4 {[%clk 00:26:36]} {[%emt 00:00:08]} 36. Kg2 {[%clk
00:00:46]} {[%emt 00:01:04]} d2 {[%clk 00:25:24]} {[%emt 00:01:42]} 37. Be2
{[%clk 00:01:12]} {[%emt 00:00:04]} d1=Q {[%clk 00:22:42]} {[%emt 00:03:12]}
38. Bxd1 {[%clk 00:01:38]} {[%emt 00:00:04]} Rxd1 {[%clk 00:23:04]} {[%emt
00:00:07]} 39. Rc2 {[%clk 00:01:45]} {[%emt 00:00:23]} Nd3 {[%clk 00:23:17]}
{[%emt 00:00:17]} 40. Ra2 {[%clk 00:01:36]} {[%emt 00:00:35]} d4 {[%clk
00:22:44]} {[%emt 00:01:08]} 41. Ra5 {[%clk 00:26:47]} {[%emt 00:05:17]} Ne1+
{[%clk 00:52:34]} {[%emt 00:00:40]} 42. Kf1 {[%clk 00:27:09]} {[%emt 00:00:08]}
d3 {[%clk 00:52:44]} {[%emt 00:00:21]} 43. Rxh5 {[%clk 00:27:33]} {[%emt
00:00:05]} Nf3+ {[%clk 00:53:08]} {[%emt 00:00:06]} 44. Kg2 {[%clk 00:27:58]}
{[%emt 00:00:05]} Rg1# {[%clk 00:53:03]} {[%emt 00:00:05]} 0-1

[Event "DVM U20 2021"]
[Site "Kiel GER"]
[Date "2022.07.24"]
[Round "3"]
[White "Klaas, Heiko"]
[Black "Niemann, Leon"]
[Result "1-0"]
[Termination "normal"]
[Board "3.6"]
[WhiteElo "1986"]
[BlackElo "1741"]
[WhiteClock "00:19:56"]
[BlackClock "00:02:27"]
[WhiteTeam "Hamburger SK von 1830 eV"]
[BlackTeam "SK Lehrte von 1919 e. V."]
[PlyCount "59"]
[WhiteFideId "16215940"]
[BlackFideId "16218388"]
[EventCountry "GER"]
[EventRounds "7"]
[EventType "team-swiss"]
[EventDate "2022.07.22"]

1. e4 {[%clk 01:30:58]} {[%emt 00:00:02]} c5 {[%clk 01:30:54]} {[%emt
00:00:06]} 2. Nc3 {[%clk 01:31:24]} {[%emt 00:00:05]} Nc6 {[%clk 01:31:08]}
{[%emt 00:00:16]} 3. Nf3 {[%clk 01:31:49]} {[%emt 00:00:04]} e6 {[%clk
01:31:21]} {[%emt 00:00:17]} 4. d4 {[%clk 01:32:08]} {[%emt 00:00:11]} cxd4
{[%clk 01:31:44]} {[%emt 00:00:07]} 5. Nxd4 {[%clk 01:32:25]} {[%emt 00:00:13]}
Nf6 {[%clk 01:32:10]} {[%emt 00:00:04]} 6. a3 {[%clk 01:32:11]} {[%emt
00:00:44]} d6 {[%clk 01:15:39]} {[%emt 00:17:00]} 7. Bb5 {[%clk 01:06:38]}
{[%emt 00:26:03]} Qc7 {[%clk 01:13:31]} {[%emt 00:02:38]} 8. O-O {[%clk
01:06:10]} {[%emt 00:00:59]} a6 {[%clk 01:11:59]} {[%emt 00:02:02]} 9. Bc4
{[%clk 01:01:08]} {[%emt 00:05:32]} Be7 {[%clk 01:06:01]} {[%emt 00:06:27]} 10.
Re1 {[%clk 00:59:58]} {[%emt 00:01:41]} b5 {[%clk 01:00:45]} {[%emt 00:05:46]}
11. Be2 {[%clk 00:52:46]} {[%emt 00:07:42]} O-O {[%clk 00:50:51]} {[%emt
00:10:24]} 12. Nxc6 {[%clk 00:46:00]} {[%emt 00:07:17]} Qxc6 {[%clk 00:49:34]}
{[%emt 00:01:46]} 13. e5 {[%clk 00:44:02]} {[%emt 00:02:28]} Nd5 {[%clk
00:38:33]} {[%emt 00:11:31]} 14. Bf3 {[%emt 00:05:50]} Bb7 {[%clk 00:37:00]}
{[%emt 00:02:01]} 15. Nxd5 {[%clk 00:38:15]} {[%emt 00:00:59]} exd5 {[%clk
00:37:22]} {[%emt 00:00:08]} 16. Bf4 {[%clk 00:38:20]} {[%emt 00:00:25]} Rfd8
{[%clk 00:32:55]} {[%emt 00:04:56]} 17. e6 {[%clk 00:37:02]} {[%emt 00:01:49]}
f6 {[%clk 00:28:54]} {[%emt 00:04:31]} 18. c3 {[%clk 00:36:09]} {[%emt
00:01:23]} a5 {[%clk 00:26:52]} {[%emt 00:02:32]} 19. Qd4 {[%clk 00:30:15]}
{[%emt 00:06:25]} Qc5 {[%clk 00:22:28]} {[%emt 00:04:54]} 20. Rad1 {[%clk
00:24:28]} {[%emt 00:06:17]} b4 {[%clk 00:19:12]} {[%emt 00:03:46]} 21. c4
{[%clk 00:21:02]} {[%emt 00:03:57]} bxa3 {[%clk 00:15:30]} {[%emt 00:04:11]}
22. Qxc5 {[%clk 00:20:39]} {[%emt 00:00:53]} dxc5 {[%clk 00:15:36]} {[%emt
00:00:24]} 23. bxa3 {[%clk 00:21:04]} {[%emt 00:00:05]} g5 {[%clk 00:07:48]}
{[%emt 00:08:17]} 24. Bc7 {[%clk 00:20:30]} {[%emt 00:01:05]} Rdc8 {[%clk
00:07:43]} {[%emt 00:00:35]} 25. Bg3 {[%clk 00:20:42]} {[%emt 00:00:18]} h5
{[%clk 00:06:59]} {[%emt 00:01:13]} 26. h3 {[%clk 00:20:14]} {[%emt 00:00:59]}
h4 {[%clk 00:04:53]} {[%emt 00:02:36]} 27. Bh2 {[%clk 00:20:19]} {[%emt
00:00:25]} Ra6 {[%clk 00:04:29]} {[%emt 00:00:53]} 28. cxd5 {[%clk 00:19:29]}
{[%emt 00:01:20]} c4 {[%clk 00:02:14]} {[%emt 00:02:45]} 29. d6 {[%clk
00:19:39]} {[%emt 00:00:20]} Bxf3 {[%clk 00:02:27]} {[%emt 00:00:18]} 30. gxf3
{[%clk 00:19:56]} {[%emt 00:00:12]} 1-0